[Event "ch-RUS Blitz 2018"]
[Site "Sochi RUS"]
[Date "2018.10.07"]
[Round "6.1"]
[White "Artemiev, V."]
[Black "Iljiushenok, I."]
[Result "1-0"]
[WhiteElo "2706"]
[BlackElo "2539"]
[PlyCount "51"]
[EventDate "2018.10.07"]
[EventType "swiss (blitz)"]
[EventRounds "20"]
[EventCountry "RUS"]
[SourceTitle "The Week in Chess 1248"]
[Source "Mark Crowther"]
[SourceDate "2018.10.08"]
[SourceVersion "4"]
[SourceVersionDate "2019.08.03"]
[SourceQuality "2"]

1. Nf3 Nf6 2. g3 g6 3. b3 Bg7 4. Bb2 O-O 5. Bg2 d6 6. d4 c5 7. c4 Qa5+ 8. Bc3
Qb6 9. d5 e6 10. dxe6 Bxe6 11. O-O Nc6 12. Ng5 Bf5 13. Nd2 Rad8 14. Qc1 Nd4 15.
Re1 Rfe8 16. e3 Nc2 17. Qb2 Nxe1 18. Bxf6 Nd3 19. Qc3 Bxf6 20. Qxf6 Qc7 21. Bd5
Rf8 22. Nxf7 Rxf7 23. Bxf7+ Qxf7 24. Qxd8+ Kg7 25. Qxd6 b6 26. e4 1-0

[Event "Online Olym Div2 E 2020"]
[Site "chess.com INT"]
[Date "2020.08.16"]
[Round "7.5"]
[White "Adams, Mi"]
[Black "Erdos, V."]
[Result "1/2-1/2"]
[WhiteElo "2706"]
[BlackElo "2618"]
[PlyCount "108"]
[EventDate "2020.08.14"]
[EventType "team"]
[EventRounds "7"]
[SourceTitle "The Week in Chess 1345"]
[Source "Mark Crowther"]
[SourceDate "2020.08.17"]
[SourceVersion "2"]
[SourceVersionDate "2020.09.17"]
[SourceQuality "2"]
[WhiteTeam "England"]
[BlackTeam "Hungary"]
[WhiteTeamCountry "ENG"]
[BlackTeamCountry "HUN"]

1. e4 e5 2. Nf3 Nc6 3. Bc4 Nf6 4. d3 Bc5 5. c3 O-O 6. O-O d6 7. Re1 a6 8. h3 h6
9. Nbd2 Na5 10. Bd5 c6 11. Bxf7+ Rxf7 12. b4 Bb6 13. bxa5 Bxa5 14. Qb3 b5 15.
a4 Qe7 16. axb5 axb5 17. Ba3 Be6 18. Qc2 c5 19. d4 exd4 20. cxd4 Bxd2 21. Nxd2
b4 22. Bb2 Rxa1 23. Rxa1 Nh5 24. dxc5 dxc5 25. Ra8+ Rf8 26. Rxf8+ Qxf8 27. Nc4
Nf4 28. Be5 Ng6 29. Bd6 Qa8 30. Bxc5 b3 31. Qxb3 Qxe4 32. Qb8+ Kh7 33. Ne3 Nf4
34. Qb4 Qxb4 35. Bxb4 g5 36. Bd6 Nd5 37. Nc2 Kg6 38. Nd4 Bd7 39. f3 Ne3 40. Bc7
Nf5 41. Nb3 Be6 42. Nc5 Bd5 43. Kf2 Nd4 44. Nd3 Ne6 45. Ba5 h5 46. Bc3 Nf4 47.
Ne5+ Kf5 48. Nd7 Nd3+ 49. Ke3 Nf4 50. Kf2 Nd3+ 51. Kg1 Bc6 52. Nb6 g4 53. fxg4+
hxg4 54. hxg4+ Kxg4 1/2-1/2

[Event "WchT 8th"]
[Site "Ningbo"]
[Date "2011.07.18"]
[Round "2.3"]
[White "Efimenko, Zahar"]
[Black "Li, Chao B"]
[Result "1/2-1/2"]
[WhiteElo "2706"]
[BlackElo "2669"]
[PlyCount "140"]
[EventDate "2011.07.17"]
[EventType "team-tourn"]
[EventRounds "9"]
[EventCountry "CHN"]
[SourceTitle "CBM 144"]
[Source "ChessBase"]
[SourceDate "2011.09.16"]
[SourceVersion "1"]
[SourceVersionDate "2011.09.16"]
[SourceQuality "1"]
[WhiteTeam "Ukraine"]
[BlackTeam "China"]
[WhiteTeamCountry "UKR"]
[BlackTeamCountry "CHN"]

1. e4 e5 2. Nf3 Nf6 3. d4 Nxe4 4. Bd3 d5 5. Nxe5 Nd7 6. Nxd7 Bxd7 7. O-O Bd6 8.
Qh5 Qf6 9. Nc3 Qxd4 10. Be3 Qe5 11. Qxe5+ Bxe5 12. Nxd5 Nf6 13. Rae1 Nxd5 14.
Bd4 O-O 15. Bxe5 Nb4 16. Bc4 Rfe8 17. c3 b5 18. Bxf7+ Kxf7 19. cxb4 a5 20. bxa5
Rxa5 21. a3 c6 22. f4 Bf5 23. Rd1 Ra7 24. Rd6 Re6 25. Rfd1 g6 26. Kf2 h5 27.
Ke3 Ra4 28. R6d4 g5 29. Rxa4 bxa4 30. Rc1 gxf4+ 31. Kxf4 Bd3 32. h3 Rg6 33. g4
hxg4 34. hxg4 Rh6 35. Rc3 Be2 36. Kf5 Rh4 37. Rg3 Bc4 38. Kg5 Rh1 39. Rf3+ Ke6
40. Re3 Kf7 41. Re4 Bb3 42. Rf4+ Ke6 43. Bd4 Bc2 44. Rf2 Bd3 45. Rf3 Be4 46.
Rf8 Bc2 47. Re8+ Kd5 48. Rd8+ Ke6 49. Re8+ Kd7 50. Re2 Bd1 51. Rd2 Ke6 52. Bc5
Ke5 53. Rd8 Bf3 54. Rf8 Bd1 55. Rf5+ Ke6 56. Bd4 Re1 57. Rf4 Kd5 58. Kf5 Bc2+
59. Kf6 Re6+ 60. Kf7 Re4 61. Rxe4 Kxe4 62. Bf6 Bd1 63. g5 Kf5 64. Kg7 Bh5 65.
Kh6 Be8 66. b3 axb3 67. a4 Ke6 68. a5 Kd7 69. g6 Bxg6 70. Kxg6 Kc8 1/2-1/2

[Event "Tata Steel-A 76th"]
[Site "Wijk aan Zee"]
[Date "2014.01.11"]
[Round "1"]
[White "Harikrishna, Pentala"]
[Black "Aronian, Levon"]
[Result "1/2-1/2"]
[WhiteElo "2706"]
[BlackElo "2812"]
[Annotator "Marin,M"]
[PlyCount "60"]
[EventDate "2014.01.11"]
[EventType "tourn"]
[EventRounds "11"]
[EventCountry "NED"]
[EventCategory "20"]
[SourceTitle "CBM 159"]
[Source "ChessBase"]
[SourceDate "2014.03.17"]
[SourceVersion "1"]
[SourceVersionDate "2014.03.17"]
[SourceQuality "1"]

1. e4 e5 2. Nf3 Nc6 3. Bc4 Bc5 4. c3 Nf6 5. d4 {Quite a curious deccision.
This line is known as harmful for decades already. We can only speculate
whether Harikrishna had prepared any surprize in one of the lines, or he
simply wanted to neutralize the jetlag with a simple first round draw.} exd4 6.
cxd4 Bb4+ 7. Bd2 Nxe4 ({The simplest continuation is} 7... Bxd2+ 8. Nbxd2 d5 9.
exd5 Nxd5 {, see Lukacs' extensive survey in the notes to Van den Doel,E (2599)
-Sokolov,I (2690)/Leeuwarden 2004/CBM 102/[Lukacs] (0-1, 57)}) 8. Bxb4 Nxb4 9.
Bxf7+ Kxf7 10. Qb3+ d5 11. Ne5+ Ke6 {Could Harikrishna have hoped that Aronian
would not know that this extravagant move, in the spirit of some of Steinitz'
games, is the best? Nah...} 12. Qxb4 Qf8 {Going the safe way.} ({For} 12... c5
{there is another Lukacs survey in the notes to Lee,G (2361)-Flear,G (2538)/
Torquay 2002/CBM 091/[Lukacs] (1/2, 75) I would add that 11...Ke6 is known to
be the best at least since the following game lost with white by the then
World Champion:} 13. Qa4 Qb6 14. Nd3 c4 15. Nf4+ Kf5 {Even more Steinitzian
thinking.} ({Unfortunately,} 15... Kf7 {is better.}) 16. Nxd5 Qxd4 17. Ne3+ Kg6
$13 {Lasker,E-Paredes/USA 1906/EXT 1999 (0-1, 32)}) 13. Qxf8 Rxf8 14. Nc3 ({
The old theory had} 14. f3 Nd6 15. Nc3 Nf5 16. O-O-O c6 17. Rhe1 Kd6 $11 {
Rossolimo,N-Addison,W/New York 1965/MCL (1/2, 45)}) 14... c6 15. f3 Nd6 16. Kf2
Nf5 17. Rhe1 Kd6 18. Rad1 g6 19. b4 Bd7 20. Na4 b6 21. Rd2 Rae8 22. Nc3 Re7 23.
Rc1 Be8 24. Ne2 Ng7 25. Re1 Ne6 26. Nc1 Rf4 27. Ne2 Rf5 28. Nc3 Rf4 29. Ne2 Rf5
30. Nc3 Rf4 1/2-1/2

[Event "EU-chT (Men) 13th"]
[Site "Leon"]
[Date "2001.11.11"]
[Round "6.1"]
[White "Shirov, Alexei"]
[Black "Gelfand, Boris"]
[Result "1/2-1/2"]
[WhiteElo "2706"]
[BlackElo "2701"]
[Annotator "Gelfand,B"]
[PlyCount "55"]
[EventDate "2001.11.06"]
[EventType "team-swiss"]
[EventRounds "9"]
[EventCountry "ESP"]
[SourceTitle "CBM 086"]
[Source "ChessBase"]
[SourceDate "2002.02.05"]
[SourceVersion "1"]
[SourceVersionDate "2002.02.05"]
[SourceQuality "1"]
[WhiteTeam "Spain"]
[BlackTeam "Israel"]
[WhiteTeamCountry "ESP"]
[BlackTeamCountry "ISR"]

1. e4 e5 2. Nf3 Nf6 3. Nxe5 d6 4. Nf3 Nxe4 5. d4 d5 6. Bd3 Be7 7. O-O Nc6 8. c4
Nb4 9. Be2 O-O 10. Nc3 Be6 11. Be3 Bf5 12. Qb3 c6 13. cxd5 Nxc3 $5 $146 (13...
cxd5 14. Rac1 $14) 14. bxc3 Nxd5 15. Qxb7 $5 (15. c4 Nxe3 16. fxe3 Qc7 $132) (
15. Bd2 $5) 15... Nxc3 (15... Qb6 16. Qxb6 axb6 17. Bd2 $16) 16. Bc4 Rb8 (16...
Be4 17. Ne5 $16) 17. Qxc6 Be4 $5 (17... Rc8 18. Qa6 Be4 19. Ne5 (19. Nd2 $5)
19... Bd6 20. Rfc1 Bxe5 21. dxe5 Rc6 22. Qa3 (22. Qxc6 Bxc6 23. Rxc3 Qa8 24.
Bf1 $14) 22... Rxc4 23. Rxc3 $14) 18. Bxf7+ Rxf7 19. Qxc3 Bb4 $5 (19... Bxf3 $5
20. gxf3 Bd6 21. Qc6 $1 Qf6 (21... Rb6 22. Qe4) 22. Qe4 $14 (22. f4 Qf5 $132))
20. Qc4 (20. Qb3 $5 Bxf3 (20... Bd5 21. Bg5 $5 Rxf3 (21... Bxb3 22. Bxd8 Bd5
23. Bg5 $14) 22. Qxb4 $1 (22. Bxd8 Rxb3 23. axb3 Rxd8 24. Rxa7 Bc3 $11) 22...
Rxb4 23. Bxd8 $16) 21. gxf3 Bd6 22. Qe6 Rb6 23. Qe4 $14) 20... Bd5 21. Qd3 Rxf3
22. gxf3 Qd7 $1 (22... Qf6 23. f4 g5 24. f5 $18 (24. f3 gxf4 25. Bd2)) (22...
Bd6 23. Qf5) 23. Rfb1 (23. Bf4 $5 Rf8 24. Bg3 Rxf3 25. Qe2 $13) 23... Qh3 (
23... Qf7 24. Bd2 $1 Bc4 25. Qc2 Rb6 26. Bf4 $3 $18) 24. Bf4 Rf8 25. Rxb4 $6 (
25. Bg3 $142 $1 a5 26. a3 Rxf3 27. Qf1 Qe6 (27... Qh6 $5 28. Qe2 $1 (28. axb4
Rxg3+ 29. fxg3 Qe3+ 30. Qf2 Qe4 $11) 28... Qh5 29. Rb2 Bf8 $132) (27... Qf5 28.
axb4 (28. Qe2 $5) 28... Qe4) 28. axb4 Qe4 29. bxa5 $8 (29. Rc1 Rc3 $3 30. f3
Qe3+ $11) (29. Rb2 Rb3 $3 30. f3 Rxf3) (29. Re1 Rxg3+ 30. fxg3 Qh1+ $11) (29.
Qh3 $2 Rf8 $19) (29. Rxa5 Rb3 $1 (29... Rxg3+ 30. fxg3 Qh1+ 31. Kf2 Qf3+ 32.
Ke1 Qc3+ 33. Kd1 Bf3+ 34. Qxf3 Qxf3+ 35. Kc2 Qe4+ 36. Kb2) 30. Rxd5 (30. f3
Qe3+) 30... Rxb1 31. Rd7 $11) 29... Rxg3+ (29... h5 $5) (29... Rb3 $2 30. f3
Rxf3 31. Rb8+ Kf7 32. Qxf3+ $1 Qxf3 33. Rf1 $18) 30. fxg3 Qh1+ 31. Kf2 Qf3+ 32.
Ke1 Qc3+ 33. Kd1 Bf3+ 34. Qxf3 Qxf3+ 35. Kd2 Qf2+ 36. Kd3 Qf3+ 37. Kc4 Qc6+ 38.
Kb4 Qb7+ 39. Ka3 Qe7+ 40. Rb4 Qe3+ 41. Ka4 $16) 25... Rxf4 26. Rb8+ Kf7 27.
Rb7+ $1 (27. Qe3 $4 Rg4+ $19) 27... Kg8 (27... Bxb7 28. Qb3+) (27... Kf6 28.
Qa6+) 28. Rb8+ 1/2-1/2

[Event "Saint Louis SPICE Cup op 8th"]
[Site "Saint Louis"]
[Date "2014.10.24"]
[Round "6"]
[White "Le, Quang Liem"]
[Black "Troff, Kayden W"]
[Result "0-1"]
[WhiteElo "2706"]
[BlackElo "2532"]
[PlyCount "116"]
[EventDate "2014.10.21"]
[EventType "swiss"]
[EventRounds "9"]
[EventCountry "USA"]
[SourceTitle "EXT 2015"]
[Source "ChessBase"]
[SourceDate "2014.11.20"]
[SourceVersion "1"]
[SourceVersionDate "2014.11.20"]
[SourceQuality "1"]

1. c4 Nf6 2. Nc3 e5 3. Nf3 Nc6 4. g3 d5 5. cxd5 Nxd5 6. Bg2 Nb6 7. O-O Be7 8.
a3 O-O 9. b4 Be6 10. Rb1 f6 11. d3 a5 12. b5 Nd4 13. Nd2 Qc8 14. e3 Nf5 15. Qc2
Rd8 16. Rd1 Nd6 17. Nb3 Nf7 18. d4 Bf5 19. e4 Bg4 20. f3 a4 21. Na1 exd4 22.
Ne2 d3 23. Rxd3 Rxd3 24. Qxd3 Be6 25. Qc3 Qd7 26. Nd4 Rd8 27. Nac2 Nc4 28. Nxe6
Qxe6 29. Bf1 Rd1 30. Kg2 Nd2 31. Bxd2 Rxb1 32. Bc4 Qd6 33. Nb4 Qc5 34. Be3 Qe5
35. Bd4 Bxb4 36. Qd3 Rb2+ 37. Bxb2 Qxb2+ 38. Kh3 Qd2 39. Bxf7+ Kxf7 40. Qc4+
Kg6 41. axb4 a3 42. Qg8 a2 43. Qa8 Qb2 44. Qe8+ Kh6 45. g4 Qe5 46. g5+ Kxg5 47.
Qf7 a1=Q 48. Qxg7+ Kf4 49. Qg3+ Ke3 50. f4+ Kxe4 51. fxe5 Qf1+ 52. Kh4 fxe5 53.
Qg7 Qf4+ 54. Kh3 h5 55. b6 c6 56. Qg8 Kd4 57. Qd8+ Kc3 58. Kg2 Qd2+ 0-1

[Event "Wch Blitz 2nd"]
[Site "Moscow"]
[Date "2007.11.22"]
[Round "25"]
[White "Ponomariov, Ruslan"]
[Black "Korotylev, Alexey"]
[Result "1-0"]
[WhiteElo "2705"]
[BlackElo "2600"]
[PlyCount "75"]
[EventDate "2007.11.21"]
[EventType "tourn (blitz)"]
[EventRounds "38"]
[EventCountry "RUS"]
[EventCategory "19"]
[SourceTitle "EXT 2008"]
[Source "ChessBase"]
[SourceDate "2007.11.25"]
[SourceVersion "1"]
[SourceVersionDate "2007.11.25"]
[SourceQuality "1"]

1. d4 Nf6 2. c4 e6 3. Nf3 b6 4. g3 Bb7 5. Bg2 Be7 6. Nc3 O-O 7. Qc2 c5 8. d5
exd5 9. Ng5 h6 10. h4 Na6 11. cxd5 Nb4 12. Qd1 hxg5 13. hxg5 Nh7 14. a3 Na6 15.
e4 g6 16. f4 f5 17. gxf6 Bxf6 18. Qg4 Qe8 19. Bd2 c4 20. O-O-O Nc5 21. e5 Nd3+
22. Kb1 Nf2 23. Qe2 Nxd1 24. Rxd1 Bg7 25. Qxc4 Rc8 26. Qd3 d6 27. Be4 dxe5 28.
Bxg6 e4 29. Bxe4 Nf6 30. Bf5 Rd8 31. Re1 Qh5 32. Be6+ Rf7 33. Re5 Qh7 34. Rf5
Bc8 35. Bxf7+ Kxf7 36. Rxf6+ Kxf6 37. Qxh7 Bf5+ 38. Ne4+ 1-0

[Event "RUS-chT 20th"]
[Site "Loo"]
[Date "2013.04.11"]
[Round "5"]
[White "Riazantsev, Alexander"]
[Black "Hasangatin, Ramil"]
[Result "1-0"]
[WhiteElo "2705"]
[BlackElo "2496"]
[PlyCount "57"]
[EventDate "2013.04.07"]
[EventType "team-swiss"]
[EventRounds "7"]
[EventCountry "RUS"]
[SourceTitle "CBM 154"]
[Source "ChessBase"]
[SourceDate "2013.05.15"]
[SourceVersion "1"]
[SourceVersionDate "2013.05.15"]
[SourceQuality "1"]
[WhiteTeam "Malakhit"]
[BlackTeam "Kazan"]
[WhiteTeamCountry "RUS"]
[BlackTeamCountry "RUS"]

1. d4 d5 2. c4 dxc4 3. e3 e5 4. Bxc4 exd4 5. exd4 Nf6 6. Nf3 Be7 7. O-O O-O 8.
Nc3 c6 9. Re1 Nbd7 10. Bb3 Nb6 11. Qe2 Re8 12. Bg5 Bg4 13. Bxf7+ Kxf7 14. Ne5+
Kf8 15. Nxg4 Qxd4 16. h3 h6 17. Be3 Qc4 18. Qf3 Nbd7 19. Rad1 Qf7 20. Bxh6 gxh6
21. Nxh6 Qg6 22. Rxd7 Qxh6 23. Re6 Kf7 24. Qf5 Rad8 25. Rexe7+ Rxe7 26. Rxd8
Qc1+ 27. Kh2 Qxb2 28. Rd3 Qb6 29. Rd6 1-0

[Event "Hamburg sim"]
[Site "Hamburg"]
[Date "2005.10.03"]
[Round "5"]
[White "Shirov, Alexei"]
[Black "Ritscher, Jan Paul"]
[Result "1-0"]
[WhiteElo "2705"]
[BlackElo "2284"]
[PlyCount "81"]
[EventDate "2005.10.03"]
[EventType "simul"]
[EventRounds "1"]
[EventCountry "GER"]
[SourceTitle "EXT 2009"]
[Source "ChessBase"]
[SourceDate "2008.11.26"]
[SourceVersion "1"]
[SourceVersionDate "2008.11.26"]
[SourceQuality "1"]

1. e4 Nf6 2. e5 Nd5 3. d4 d6 4. c4 Nb6 5. f4 g6 6. Nc3 dxe5 7. fxe5 Bg7 8. Be2
c5 9. d5 Bxe5 10. Bh6 e6 11. Nf3 Bxc3+ 12. bxc3 exd5 13. O-O Bf5 14. cxd5 Qxd5
15. Qe1 N8d7 16. Bc4+ Qe4 17. Bxf7+ Kd8 18. Qf2 Kc8 19. Rad1 a5 20. Rd2 Qe7 21.
Ng5 Kb8 22. g4 Bxg4 23. Qg3+ Ka7 24. Re1 Qf6 25. Qxg4 Qxc3 26. Qf4 Nf6 27. Bg7
Rhd8 28. Rde2 Nh5 29. Bxc3 Nxf4 30. Rc2 Rd7 31. Rf1 Nbd5 32. Bxa5 Ne3 33. Rxf4
Nxc2 34. Nxh7 Rd1+ 35. Kf2 Ka6 36. Bc3 Nd4 37. Ng5 Rh8 38. h4 Rh1 39. Nf3 Rf8
40. Bc4+ b5 41. Rxf8 {...} 1-0

[Event "Gibraltar Masters 8th"]
[Site "Caleta"]
[Date "2010.01.31"]
[Round "6"]
[White "Vallejo Pons, Francisco"]
[Black "Zatonskih, Anna"]
[Result "1-0"]
[WhiteElo "2705"]
[BlackElo "2466"]
[PlyCount "59"]
[EventDate "2010.01.26"]
[EventType "swiss"]
[EventRounds "10"]
[EventCountry "ENG"]
[SourceTitle "CBM 134 Extra"]
[Source "ChessBase"]
[SourceDate "2010.03.03"]
[SourceVersion "1"]
[SourceVersionDate "2010.03.03"]
[SourceQuality "1"]

1. e4 e5 2. Bc4 Nf6 3. d3 c6 4. Nf3 d5 5. Bb3 Bd6 6. Nc3 dxe4 7. Nxe4 Nxe4 8.
dxe4 h6 9. Be3 Qe7 10. Qd2 Nd7 11. O-O-O Bc7 12. Qc3 Bb6 13. g4 Bxe3+ 14. fxe3
Nf6 15. Nxe5 O-O 16. Ng6 Qxe4 17. Nxf8 Bxg4 18. Rhg1 Rxf8 19. Rd4 Qf3 20. Rf4
Qh3 21. Qd2 h5 22. Rg3 Qh4 23. a4 Re8 24. Kb1 Ne4 25. Bxf7+ Kh8 26. Qg2 Nxg3
27. Bxe8 Nf5 28. Bg6 Qe1+ 29. Ka2 Qa5 30. Qe4 1-0

[Event "Nancy Meurthe op 11th"]
[Site "Nancy"]
[Date "2013.03.09"]
[Round "8"]
[White "Bacrot, Etienne"]
[Black "Bauer, Christian"]
[Result "1/2-1/2"]
[WhiteElo "2705"]
[BlackElo "2633"]
[PlyCount "71"]
[EventDate "2013.03.09"]
[EventType "swiss (rapid)"]
[EventRounds "9"]
[EventCountry "FRA"]
[SourceTitle "CBM 153 Extra"]
[Source "ChessBase"]
[SourceDate "2013.04.22"]
[SourceVersion "1"]
[SourceVersionDate "2013.04.22"]
[SourceQuality "1"]

1. d4 e6 2. Nf3 f5 3. g3 Nf6 4. Bg2 d5 5. c4 c6 6. Nc3 Bd6 7. O-O O-O 8. Qc2
Bd7 9. Ne5 Be8 10. Bf4 Na6 11. cxd5 cxd5 12. Rac1 h6 13. Qb3 g5 14. Bd2 Qb6 15.
Qxb6 axb6 16. h4 Bxe5 17. dxe5 Ng4 18. hxg5 hxg5 19. Bxg5 Nxe5 20. Be7 Rf7 21.
Nxd5 exd5 22. Bxd5 Bc6 23. Bxf7+ Kxf7 24. Bd6 Ke6 25. Bxe5 Kxe5 26. f3 Rh8 27.
Kg2 Nb4 28. a3 Nd5 29. Rh1 Ne3+ 30. Kf2 Ng4+ 31. Kg1 Rxh1+ 32. Kxh1 Ne3 33. Kg1
b5 34. Kf2 Kd4 35. Rh1 Bd5 36. Rh4+ 1/2-1/2

[Event "Kamsky-Andreikin m"]
[Site "playchess.com INT"]
[Date "2007.01.22"]
[Round "?"]
[White "Kamsky, Gata"]
[Black "Andreikin, Dmitry"]
[Result "0-1"]
[WhiteElo "2705"]
[BlackElo "2509"]
[PlyCount "90"]
[EventDate "2007.01.22"]
[EventType "match (blitz)"]
[EventRounds "9"]
[EventCountry "GER"]
[SourceTitle "EXT 2008"]
[Source "ChessBase"]
[SourceDate "2007.11.25"]
[SourceVersion "1"]
[SourceVersionDate "2007.11.25"]
[SourceQuality "1"]

1. e4 e5 2. f4 exf4 3. Bc4 Qh4+ 4. Kf1 Qd8 5. d4 c6 6. Nc3 b5 7. Bb3 b4 8. Nce2
d5 9. e5 Ne7 10. Nf3 Bg4 11. Nxf4 Nf5 12. Kf2 Bxf3 13. Kxf3 Qb6 14. c3 Nd7 15.
Re1 Be7 16. Bc2 Nh4+ 17. Kf2 O-O 18. Qg4 f5 19. exf6 Nxf6 20. Qe6+ Rf7 21. g3
Ng6 22. Nxg6 Ne4+ 23. Kg2 hxg6 24. Rxe4 dxe4 25. Bb3 Raf8 26. Qxe7 Qb5 27. Bf4
Qe2+ 28. Kg1 Qxb2 29. Bxf7+ Rxf7 30. Qe8+ Rf8 31. Qe6+ Kh7 32. Re1 bxc3 33.
Qxe4 Qxa2 34. Qxc6 Rxf4 35. gxf4 Qd2 36. Rf1 c2 37. d5 Qe3+ 38. Kh1 Qe4+ 39.
Kg1 Qe3+ 40. Kg2 Qe2+ 41. Rf2 Qe4+ 42. Kh3 Qe3+ 43. Kg2 c1=Q 44. Qxc1 Qxc1 45.
Ra2 Qd1 {' .} 0-1

[Event "Wch Blitz 8th"]
[Site "Dubai"]
[Date "2014.06.19"]
[Round "10"]
[White "Naiditsch, Arkadij"]
[Black "Onischuk, Vladimir"]
[Result "0-1"]
[WhiteElo "2705"]
[BlackElo "2594"]
[PlyCount "102"]
[EventDate "2014.06.19"]
[EventType "swiss (blitz)"]
[EventRounds "21"]
[EventCountry "UAE"]
[SourceTitle "CBM 160 Extra"]
[Source "ChessBase"]
[SourceDate "2014.07.01"]
[SourceVersion "1"]
[SourceVersionDate "2014.07.01"]
[SourceQuality "1"]

1. e4 d6 2. d4 Nf6 3. Nc3 g6 4. Be3 a6 5. Qd2 b5 6. f3 Bb7 7. Nh3 Nbd7 8. Nf4
Nb6 9. a3 e5 10. Nh3 Bg7 11. d5 O-O 12. Nf2 c6 13. dxc6 Bxc6 14. O-O-O d5 15.
Bc5 d4 16. Bxf8 Qxf8 17. Ne2 Nc4 18. Qe1 Nd7 19. Nd3 Ndb6 20. Qb4 Qe8 21. f4
Bf8 22. Qe1 Na4 23. fxe5 Naxb2 24. Nxb2 Bxa3 25. Nxd4 Nxb2 26. Qc3 Nxd1+ 27.
Kxd1 Qxe5 28. Bd3 Bc5 29. Ne2 Qd6 30. Rf1 Bd7 31. e5 Qd5 32. Nf4 Qd4 33. Qxd4
Bxd4 34. Be4 Re8 35. Bd5 Bxe5 36. Nxg6 hxg6 37. Bxf7+ Kg7 38. Bxe8 Bxe8 39. g4
g5 40. Rf5 Bf6 41. Rc5 a5 42. c4 bxc4 43. Rxa5 c3 44. Ra7+ Kg6 45. Kc2 Bc6 46.
Rc7 Be4+ 47. Kb3 Bf3 48. h3 Bg2 49. Rc4 Bxh3 50. Kc2 Bg2 51. Kd3 Bf1+ 0-1

[Event "Chessable Masters KO"]
[Site "chess24.com INT"]
[Date "2021.08.07"]
[Round "3.14"]
[White "Artemiev, V."]
[Black "Aronian, L."]
[Result "1-0"]
[WhiteElo "2704"]
[BlackElo "2782"]
[PlyCount "115"]
[EventDate "2021.08.03"]
[EventType "k.o. (rapid)"]
[EventRounds "3"]
[SourceTitle "The Week in Chess 1396"]
[Source "Mark Crowther"]
[SourceDate "2021.08.13"]
[SourceVersion "2"]
[SourceVersionDate "2021.08.13"]
[SourceQuality "2"]

1. c4 Nf6 2. g3 e6 3. Bg2 d5 4. Nf3 dxc4 5. Qa4+ Bd7 6. Qxc4 c5 7. Ne5 Qc8 8.
d3 Nc6 9. Nxd7 Qxd7 10. Nd2 Be7 11. Nf3 O-O 12. O-O Rac8 13. Bd2 Nd5 14. Rfc1
Rfd8 15. Rab1 a6 16. Qb3 b5 17. Qd1 e5 18. Qf1 Rc7 19. a3 h6 20. Rc2 g5 21. e3
Qe6 22. Rbc1 Nf6 23. Ne1 e4 24. Bc3 exd3 25. Nxd3 Ne4 26. Ne5 Nxg3 27. hxg3
Nxe5 28. Ba5 Rcd7 29. Bxd8 Rxd8 30. Rd1 c4 31. Rxd8+ Bxd8 32. Qd1 Bf6 33. Be4
Qe7 34. Qd5 Kg7 35. Kg2 Nd7 36. Rd2 Nc5 37. Bc2 Bxb2 38. Qf5 Kf8 39. Qc8+ Kg7
40. Kg1 Bf6 41. Rd5 Ne6 42. Bf5 c3 43. Rd7 Qf8 44. Qc6 Nd8 45. Qxa6 Qc5 46. Bc2
Qc4 47. Qd6 Ne6 48. Qb4 Qa2 49. Qe4 Nf8 50. Rb7 Qxa3 51. Qd5 Be7 52. Bb3 Ne6
53. Qe5+ Kg8 54. Bxe6 c2 55. Bxf7+ Kf8 56. Qh8+ Kxf7 57. Qh7+ Kf6 58. Qxc2 1-0

[Event "Moscow Aeroflot op-A 11th"]
[Site "Moscow"]
[Date "2012.02.13"]
[Round "7"]
[White "Jobava, Baadur"]
[Black "Bocharov, Dmitry"]
[Result "1-0"]
[WhiteElo "2704"]
[BlackElo "2611"]
[PlyCount "111"]
[EventDate "2012.02.07"]
[EventType "swiss"]
[EventRounds "9"]
[EventCountry "RUS"]
[SourceTitle "CBM 147"]
[Source "ChessBase"]
[SourceDate "2012.03.16"]
[SourceVersion "1"]
[SourceVersionDate "2012.03.16"]
[SourceQuality "1"]

1. d4 Nf6 2. c4 e6 3. Nf3 b6 4. a3 Ba6 5. Qc2 Bb7 6. Nc3 c5 7. e4 cxd4 8. Nxd4
d6 9. Be2 Be7 10. O-O Nbd7 11. Be3 Rc8 12. Rad1 Qc7 13. f4 Qb8 14. b4 O-O 15.
f5 e5 16. Nb3 a6 17. Qb1 b5 18. Na5 Ba8 19. g4 h6 20. h4 Nh7 21. Bf2 bxc4 22.
Nd5 Bd8 23. Nxc4 Nhf6 24. Nxf6+ Nxf6 25. Nxd6 Rc6 26. Bc5 Bb6 27. g5 Nd7 28.
Nc4 Nxc5 29. bxc5 Bxc5+ 30. Kg2 Bd4 31. Qxb8 Rxb8 32. Rb1 Rbc8 33. Kf3 Rc5 34.
Rb3 Bc6 35. Nd6 Rd8 36. Nb7 Bxb7 37. Rxb7 Rc3+ 38. Kg4 hxg5 39. hxg5 Rdc8 40.
Bxa6 Rc2 41. Rd7 Rb8 42. Bb7 Rg2+ 43. Kf3 Rxg5 44. Bd5 Rc8 45. Rh1 Rc3+ 46. Ke2
Rg2+ 47. Kd1 Rg1+ 48. Rxg1 Bxg1 49. a4 Ra3 50. Bxf7+ Kh7 51. Kc2 Rxa4 52. Rd3
g5 53. Bg6+ Kg8 54. Rd8+ Kg7 55. Rd7+ Kg8 56. f6 1-0